| 000 | 00662nam a2200181 a 4500 | ||
|---|---|---|---|
| 003 | 0 | ||
| 005 | 20250603143722.0 | ||
| 008 | 021127s19uu xx 00 eng d | ||
| 050 |
_aPHS HV 5822.M3 _b.T56 2001 |
||
| 100 | _aTiolengco, Michiko Nieva. | ||
| 245 |
_aThe Use of ecstasy among teenagers in four selected private schools / _cMichiko Nieva Tiolengco. |
||
| 260 |
_aLas PiƱas City, Philippines : _bSouthville International School and Colleges, _c2001. |
||
| 300 |
_a35 pages ; _c28 cm. |
||
| 650 |
_aEcstasy (Drug) _xPsychological aspects. |
||
| 650 |
_aTeenagers _xDrug use _zPhilippines. |
||
| 650 | _aSubstance abuse in adolescence. | ||
| 942 |
_2lcc _cPASS |
||
| 999 |
_c96463 _d96463 |
||